| 000 | 00518nam a22001577a 4500 | ||
|---|---|---|---|
| 003 | macl | ||
| 005 | 20200218114925.0 | ||
| 008 | 200218b xxu||||| |||| 00| 0 eng d | ||
| 040 | _cmacl | ||
| 082 | _a800 | ||
| 100 |
_aसलिल, सं. सुरेश _978288 |
||
| 245 | _aगणेशशंकर विधार्थी जेल डायरी | ||
| 260 |
_aदिल्ली _bआकाशगंगा प्रकाशन _c2016 |
||
| 650 |
_aजेल डाययी _978289 |
||
| 942 |
_2ddc _cHIN |
||
| 999 |
_c62131 _d62131 |
||